[Event "ChessKid Cup Div 3 W"]
[Site "chess.com INT"]
[Date "2023.05.23"]
[Round "3.3"]
[White "Lysyj, Igor"]
[Black "Harikrishna, Pentala"]
[Result "1/2-1/2"]
[WhiteTitle "GM"]
[BlackTitle "GM"]
[WhiteElo "2606"]
[BlackElo "2704"]
[WhiteFideId "4150120"]
[BlackFideId "5007003"]
[EventDate "2023.05.22"]
[EventType "k.o."]

1. d4 Nf6 2. c4 e6 3. Nc3 Bb4 4. e3 c5 5. Bd3 d5 6. cxd5 Nxd5 7. Bd2 cxd4 8.
exd4 Nc6 9. Nf3 Nf6 10. O-O O-O 11. Bg5 Be7 12. Re1 h6 13. Bf4 b6 14. Qd2 Re8
15. Rad1 Bb7 16. Bb1 Bf8 17. a3 Rc8 18. Qd3 Bd6 19. Bxd6 Qxd6 20. Ne4 Nxe4 21.
Qxe4 f5 22. Qh4 Ne7 23. Ne5 Nd5 24. Bd3 Qe7 25. Qg3 Qg5 26. Bb5 Re7 27. Ng6 Rec7
28. Rxe6 Rc1 29. Ree1 Rxd1 30. Rxd1 Qxg3 31. hxg3 Rc2 32. Re1 Kf7 33. Ne5+ Kf6
34. Re2 Rxe2 35. Bxe2 Nc7 36. Bc4 Ne6 37. Bxe6 Kxe6 38. Nc4 Kd5 39. Ne3+ Ke4 40.
Kf1 g6 41. Ke2 Kxd4 42. f3 Ba6+ 43. Kd2 Bd3 44. f4 Be4 45. Ke2 h5 46. Kd2 a5 1/2-1/2

[Event "ChessKid Cup Div 3 W"]
[Site "chess.com INT"]
[Date "2023.05.23"]
[Round "3.1"]
[White "Vallejo Pons, Francisco"]
[Black "Lazavik, Denis"]
[Result "1/2-1/2"]
[WhiteTitle "GM"]
[BlackTitle "GM"]
[WhiteElo "2712"]
[BlackElo "2544"]
[WhiteFideId "2205530"]
[BlackFideId "13515110"]
[EventDate "2023.05.22"]
[EventType "k.o."]

1. Nf3 d5 2. g3 Nf6 3. Bg2 e6 4. O-O Be7 5. c4 O-O 6. d4 dxc4 7. Ne5 Nc6 8. Bxc6
bxc6 9. Nxc6 Qe8 10. Nxe7+ Qxe7 11. b3 cxb3 12. Qxb3 Rd8 13. Ba3 Qe8 14. Rd1 Ba6
15. Nc3 Nd5 16. Rd2 Rab8 17. Qc2 Nb6 18. Bc5 Qc6 19. Qe4 Nd5 20. Rc1 Bb7 21.
Nxd5 Rxd5 22. Rdc2 Rxc5 23. Qxc6 Rxc6 24. Rxc6 Bxc6 25. Rxc6 Rb7 26. a4 Kf8 27.
a5 Ke7 28. e3 Kd7 29. Rc5 c6 30. Rc2 Rb5 31. Ra2 c5 32. dxc5 Rxc5 33. Kf1 Kc6
34. Ke2 Kb5 35. Kd3 Ka6 36. Rb2 Rxa5 37. Kc4 h5 38. f4 Ra3 39. e4 Ra4+ 40. Kd3
f6 41. Rb8 Ra3+ 42. Kd4 Ra4+ 43. Kd3 Ra3+ 44. Kd4 Ra4+ 45. Kd3 1/2-1/2

[Event "ChessKid Cup Div 3 W"]
[Site "chess.com INT"]
[Date "2023.05.23"]
[Round "3.2"]
[White "Lazavik, Denis"]
[Black "Vallejo Pons, Francisco"]
[Result "1-0"]
[WhiteTitle "GM"]
[BlackTitle "GM"]
[WhiteElo "2544"]
[BlackElo "2712"]
[WhiteFideId "13515110"]
[BlackFideId "2205530"]
[EventDate "2023.05.22"]
[EventType "k.o."]

1. d4 e6 2. c4 Bb4+ 3. Bd2 Bxd2+ 4. Qxd2 Nf6 5. Nf3 O-O 6. Nc3 d5 7. e3 b6 8.
Rc1 Bb7 9. cxd5 Nxd5 10. Bd3 Nf6 11. O-O c5 12. dxc5 Nbd7 13. Rfd1 Nxc5 14. Be2
Qxd2 15. Nxd2 Rfd8 16. f3 Nd5 17. Nxd5 Bxd5 18. b4 Na4 19. Rc2 a6 20. Rdc1 b5
21. e4 Bb7 22. Nb3 Rd7 23. Rc7 Rad8 24. Na5 Rxc7 25. Rxc7 Ba8 26. Kf2 f5 27. Ke3
g5 28. g3 g4 29. Nc6 Re8 30. fxg4 fxe4 31. Bd1 Nc3 32. Bb3 Nd5+ 33. Bxd5 exd5
34. Nd4 Rb8 35. Nf5 Bb7 36. Kd4 Ba8 37. h4 Kh8 38. h5 Re8 39. Ke3 Rd8 40. g5 d4+
41. Nxd4 Bd5 42. g6 hxg6 43. hxg6 Bxa2 44. Rh7+ Kg8 45. Nf5 Rd3+ 46. Kxe4 Bb1
47. Nh6+ Kf8 48. g7+ 1-0

[Event "ChessKid Cup Div 3 W"]
[Site "chess.com INT"]
[Date "2023.05.23"]
[Round "4.1"]
[White "Pichot, Alan"]
[Black "Bernadskiy, Vitaliy"]
[Result "1-0"]
[WhiteTitle "GM"]
[BlackTitle "GM"]
[WhiteElo "2638"]
[BlackElo "2592"]
[WhiteFideId "110973"]
[BlackFideId "14100371"]
[EventDate "2023.05.22"]
[EventType "k.o."]

1. e4 e6 2. d4 d5 3. Nc3 Bb4 4. e5 c5 5. a3 Bxc3+ 6. bxc3 Qc7 7. h4 Nc6 8. h5
Bd7 9. Nf3 O-O-O 10. a4 f6 11. Bb5 Nge7 12. Bf4 cxd4 13. cxd4 g5 14. Bh2 fxe5
15. Nxe5 Nxe5 16. Bxe5 Qc3+ 17. Kf1 Rhf8 18. Rh3 Qa5 19. Qe1 Bxb5+ 20. axb5
Qxb5+ 21. Kg1 Nc6 22. Rb3 Qc4 23. Rc3 Qb5 24. Rxa7 Kd7 25. Rb3 1-0

[Event "ChessKid Cup Div 3 W"]
[Site "chess.com INT"]
[Date "2023.05.23"]
[Round "4.2"]
[White "Bernadskiy, Vitaliy"]
[Black "Pichot, Alan"]
[Result "1/2-1/2"]
[WhiteTitle "GM"]
[BlackTitle "GM"]
[WhiteElo "2592"]
[BlackElo "2638"]
[WhiteFideId "14100371"]
[BlackFideId "110973"]
[EventDate "2023.05.22"]
[EventType "k.o."]

1. e4 e5 2. Nf3 Nc6 3. Bb5 a6 4. Ba4 Nf6 5. O-O b5 6. Bb3 Bc5 7. a4 Rb8 8. c3 d6
9. d4 Bb6 10. h3 O-O 11. Re1 h6 12. axb5 axb5 13. Na3 b4 14. Nc4 bxc3 15. bxc3
exd4 16. Nxb6 Rxb6 17. cxd4 Re8 18. Be3 d5 19. Ne5 Nb4 20. Bd2 Bb7 21. Ra4 Nc6
22. Nxf7 Kxf7 23. e5 Nb8 24. exf6 Rxe1+ 25. Bxe1 Qxf6 26. Ba5 Ra6 27. Bxc7 Rxa4
28. Bxa4 Nc6 29. Qh5+ Ke7 30. Be5 Qf7 31. Qe2 Kf8 32. Qb5 Nxe5 33. dxe5 Qe7 34.
Bb3 Qf7 35. Qc5+ Qe7 36. Qb5 Qf7 37. Qb4+ Qe7 38. Qd4 Qe6 39. f4 Kg8 40. g4 Qc6
41. Kf2 Qb5 42. Bc2 Ba6 43. Kg3 Qa5 44. Bb3 Qe1+ 45. Qf2 Qc3+ 46. Qf3 Qe1+ 47.
Kg2 Qd2+ 48. Qf2 Qd3 49. Bc2 Qc3 50. Bf5 d4 51. Qa2+ Bc4 52. Qa8+ Kf7 53. Qb7+
Kf8 54. Qc8+ Ke7 55. Qc7+ Kf8 56. Qd8+ Kf7 57. Qc7+ Kf8 58. Qc5+ Kf7 59. Qa7+
Kf8 60. Qa8+ Kf7 61. Qe4 Qd2+ 62. Kg3 Qc3+ 63. Kh4 g5+ 64. fxg5 hxg5+ 65. Kxg5
Qe3+ 66. Kh4 Qxe4 67. Bxe4 d3 68. Kg5 Ke6 69. Kf4 d2 70. Bf5+ Ke7 71. Bc2 Be2
72. h4 d1=Q 73. Bxd1 Bxd1 74. h5 Ke6 75. h6 Bc2 76. g5 Bg6 77. h7 Bxh7 78. g6
Bxg6 79. Kg5 Kxe5 1/2-1/2

[Event "ChessKid Cup Div 3 W"]
[Site "chess.com INT"]
[Date "2023.05.23"]
[Round "4.1"]
[White "Harikrishna, Pentala"]
[Black "Lazavik, Denis"]
[Result "1-0"]
[WhiteTitle "GM"]
[BlackTitle "GM"]
[WhiteElo "2704"]
[BlackElo "2544"]
[WhiteFideId "5007003"]
[BlackFideId "13515110"]
[EventDate "2023.05.22"]
[EventType "k.o."]

1. c4 Nf6 2. Nf3 e6 3. g3 d5 4. Bg2 Be7 5. d4 O-O 6. Nc3 dxc4 7. Ne5 c5 8. dxc5
Qxd1+ 9. Nxd1 Bxc5 10. Bd2 Nc6 11. Nxc4 Bd7 12. O-O Rfd8 13. Nc3 Be8 14. Rfd1
Rd4 15. Bxc6 Bxc6 16. Na5 Rad8 17. Nxc6 bxc6 18. Be3 Rxd1+ 19. Rxd1 Rxd1+ 20.
Nxd1 Bb6 21. Kf1 Kf8 22. f3 Ke7 23. Bg5 h6 24. Bxf6+ Kxf6 25. e3 Ke5 26. Ke2 f5
27. b3 Bd8 28. Kd3 Kd6 29. Nb2 Bf6 30. Nc4+ Kd7 31. e4 g6 32. b4 Kc7 33. Na5 Be7
34. Kc4 h5 35. h3 Bd6 36. g4 hxg4 37. hxg4 fxg4 38. fxg4 Kd7 39. a3 Bc7 40. Nb7
Ke7 41. Kc5 Kd7 42. Kd4 Ke7 43. e5 Bb6+ 44. Ke4 Bc7 45. Nc5 Bb6 46. Nb3 Bc7 47.
Nd2 Kd7 48. Kf4 Bd8 49. Ne4 Ke8 50. Nc5 Kf7 51. Nb7 Bc7 52. Nd6+ Ke7 53. Kg5 a5
54. Kxg6 axb4 55. axb4 Kd7 56. Kf6 Bd8+ 57. Kf7 Be7 58. Ne4 Bxb4 59. g5 Bd2 60.
Nxd2 1-0

[Event "ChessKid Cup Div 3 W"]
[Site "chess.com INT"]
[Date "2023.05.23"]
[Round "4.2"]
[White "Lazavik, Denis"]
[Black "Harikrishna, Pentala"]
[Result "1/2-1/2"]
[WhiteTitle "GM"]
[BlackTitle "GM"]
[WhiteElo "2544"]
[BlackElo "2704"]
[WhiteFideId "13515110"]
[BlackFideId "5007003"]
[EventDate "2023.05.22"]
[EventType "k.o."]

1. d4 Nf6 2. c4 e6 3. Nc3 d5 4. cxd5 exd5 5. Bg5 c6 6. e3 Bf5 7. Qf3 Bg6 8. Bxf6
Qxf6 9. Qxf6 gxf6 10. Nf3 Nd7 11. Nh4 Be7 12. Ne2 f5 13. Nf3 Bd6 14. g3 Bb4+ 15.
Kd1 Nf6 16. Nf4 Ne4 17. Ke2 Bd6 18. Nh4 Bxf4 19. gxf4 a5 20. f3 Nd6 21. Kf2 Ke7
22. Bd3 a4 23. Rac1 Kf6 24. Rc5 Ke6 25. Rhc1 f6 26. R5c2 Be8 27. Rg1 Bf7 28. Rg3
Rhg8 29. Bf1 Ke7 30. Bd3 Be6 31. a3 Rxg3 32. hxg3 Kd7 33. Rc1 b6 34. Ng2 h5 35.
Ne1 Ra5 36. Bb1 Nc4 37. Nd3 Rb5 38. Rc2 Nxa3 39. bxa3 Rxb1 40. Nb2 b5 41. Nd3
Kd6 42. Rc3 Ra1 43. Nc1 Bc8 44. Nd3 Ra2+ 45. Kf1 Bd7 46. Nb4 Rb2 47. Rd3 Be8 48.
Rc3 Bd7 49. Nd3 Ra2 50. Ne1 Rb2 51. Nd3 Ra2 1/2-1/2

[Event "ChessKid Cup Div 3 W"]
[Site "chess.com INT"]
[Date "2023.05.24"]
[Round "5.1"]
[White "Pichot, Alan"]
[Black "Harikrishna, Pentala"]
[Result "1-0"]
[WhiteTitle "GM"]
[BlackTitle "GM"]
[WhiteElo "2638"]
[BlackElo "2704"]
[WhiteFideId "110973"]
[BlackFideId "5007003"]
[EventDate "2023.05.22"]
[EventType "k.o."]

1. e4 e5 2. Nf3 Nc6 3. Bc4 Bc5 4. c3 Nf6 5. d4 exd4 6. b4 Be7 7. e5 Ne4 8. b5 d5
9. exd6 Nxd6 10. bxc6 Nxc4 11. cxb7 Bxb7 12. Qa4+ Qd7 13. Qxc4 O-O 14. O-O Bf6
15. Bf4 Bd5 16. Qc5 c6 17. Nxd4 Be7 18. Qa5 c5 19. Nf3 Qg4 20. Bg3 h5 21. Nbd2
h4 22. h3 Qg6 23. Bxh4 Bd6 24. Rfe1 Bf4 25. Bg3 1-0

[Event "ChessKid Cup Div 3 W"]
[Site "chess.com INT"]
[Date "2023.05.24"]
[Round "5.2"]
[White "Harikrishna, Pentala"]
[Black "Pichot, Alan"]
[Result "1/2-1/2"]
[WhiteTitle "GM"]
[BlackTitle "GM"]
[WhiteElo "2704"]
[BlackElo "2638"]
[WhiteFideId "5007003"]
[BlackFideId "110973"]
[EventDate "2023.05.22"]
[EventType "k.o."]

1. d4 Nf6 2. Nf3 d5 3. Bf4 c5 4. e3 Nc6 5. Nbd2 Nh5 6. dxc5 Nxf4 7. exf4 g6 8.
c3 Bh6 9. g3 O-O 10. Bg2 b6 11. cxb6 Qxb6 12. O-O Ba6 13. Re1 Qxb2 14. Qb3 Qxb3
15. axb3 Bb7 16. b4 e6 17. Nb3 Rfc8 18. Nc5 Rc7 19. Nd4 Nxd4 20. cxd4 Bg7 21.
Red1 Bc8 22. Bf1 Rb8 23. Ra4 Rb6 24. Kg2 Bd7 25. Ra5 Bc8 26. b5 Rb8 27. Kf3 Bxd4
28. Rxd4 Rxc5 29. Rxa7 Rc3+ 30. Kg2 Kf8 31. g4 Rb7 32. Rda4 Rb6 33. Ra8 Kg7 34.
g5 d4 35. Kg1 Rd6 36. Rc4 Bb7 37. Ra7 Be4 38. f3 Bf5 39. Kf2 Rxc4 40. Bxc4 d3
41. Ra1 d2 42. Bb3 Rd3 43. Bd1 Rd5 44. Be2 Bc2 45. b6 d1=Q 46. Bxd1 Bxd1 47. Rb1
Rd8 48. b7 Rb8 1/2-1/2

[Event "ChessKid Cup Div 3 W"]
[Site "chess.com INT"]
[Date "2023.05.26"]
[Round "6.1"]
[White "Pichot, Alan"]
[Black "Harikrishna, Pentala"]
[Result "1/2-1/2"]
[WhiteTitle "GM"]
[BlackTitle "GM"]
[WhiteElo "2638"]
[BlackElo "2704"]
[WhiteFideId "110973"]
[BlackFideId "5007003"]
[EventDate "2023.05.22"]
[EventType "k.o."]

1. e4 e5 2. Nf3 Nc6 3. Bc4 Bc5 4. b4 Bxb4 5. c3 Ba5 6. d4 b5 7. Bxb5 Nxd4 8.
Nxd4 exd4 9. Qxd4 Qf6 10. O-O Bb6 11. Qd3 Ne7 12. Nd2 O-O 13. Nc4 c6 14. Nxb6
axb6 15. Bc4 d5 16. exd5 Nxd5 17. Bd2 Be6 18. Bb3 Nf4 19. Qe4 Bxb3 20. axb3 Rxa1
21. Rxa1 Nd5 22. Rc1 Qg6 23. Qd4 Qf6 24. Qe4 Qg6 25. Qxg6 hxg6 26. c4 Nc7 27.
Be3 c5 28. Rd1 Ne6 29. g3 b5 30. b4 Rb8 31. bxc5 b4 32. c6 b3 33. Rb1 Kf8 34.
Kf1 Ke7 35. Ke2 Kd6 36. Kd2 g5 37. Kc3 Kxc6 38. Rxb3 Ra8 39. Rb5 Ra2 40. Kb3 Ra1
41. Rb6+ Kc7 42. Rb5 Kc6 43. Kc3 Ra2 44. Rf5 f6 45. Rb5 Kc7 46. Kd3 g6 47. Ke4
Ra6 48. g4 Kc6 49. Rb8 Nc5+ 50. Bxc5 Kxc5 51. Rc8+ Kd6 52. Rg8 Ra2 53. Kf3 Rc2
54. Rxg6 Ke5 55. Rg8 Rc3+ 56. Kg2 Rxc4 57. Re8+ Kd6 58. Kg3 Rc3+ 59. Re3 Rc1 60.
Kf3 Rc4 61. h3 Rc1 62. Re2 Rc3+ 63. Kg2 Rc4 64. Kg3 Rc1 65. Rd2+ Ke6 66. Re2+
Kf7 67. Ra2 Rg1+ 68. Kf3 Rh1 69. Kg2 Rc1 70. Ra3 Rb1 71. Ra8 Rb3 72. Ra6 Rc3 73.
Ra1 Rb3 74. Re1 Kg6 75. Re3 Rb1 76. Kf3 Rb4 77. Kg3 Rb1 78. f4 gxf4+ 79. Kxf4
Rf1+ 80. Rf3 Rxf3+ 81. Kxf3 f5 82. gxf5+ Kxf5 83. h4 Kg6 84. h5+ Kxh5 1/2-1/2

[Event "ChessKid Cup Div 3 W"]
[Site "chess.com INT"]
[Date "2023.05.26"]
[Round "6.2"]
[White "Harikrishna, Pentala"]
[Black "Pichot, Alan"]
[Result "0-1"]
[WhiteTitle "GM"]
[BlackTitle "GM"]
[WhiteElo "2704"]
[BlackElo "2638"]
[WhiteFideId "5007003"]
[BlackFideId "110973"]
[EventDate "2023.05.22"]
[EventType "k.o."]

1. d4 Nf6 2. c4 e6 3. Nf3 d5 4. g3 Be7 5. Bg2 O-O 6. O-O dxc4 7. Qc2 b5 8. a4
Bb7 9. axb5 a6 10. bxa6 Nxa6 11. Qxc4 Bd5 12. Qd3 Nb4 13. Rxa8 Qxa8 14. Qd1 Na2
15. Nc3 Nxc3 16. bxc3 h6 17. Bf4 c5 18. Qa1 Ne4 19. Qxa8 Rxa8 20. Rc1 Ra2 21. c4
Ba8 22. Be3 g5 23. dxc5 Bxc5 24. Bxc5 Nxc5 25. Rd1 Be4 26. Nd4 Bg6 27. f4 Kg7
28. Kf2 Bd3 29. Ke1 Kf6 30. Bf3 Bg6 31. Nc6 Be4 32. Ne5 gxf4 33. gxf4 Kf5 34.
Bxe4+ Nxe4 35. Nd3 Nc3 36. Rc1 Nxe2 37. Rb1 Nd4 38. Rb2 Rxb2 39. Nxb2 Kxf4 40.
h3 Ke3 41. c5 f5 42. Nc4+ Ke4 43. Nb6 f4 44. Kf2 e5 45. h4 Kf5 46. Nc4 Ke6 47.
Nd6 Kd5 48. h5 e4 49. Nf7 e3+ 50. Kf1 f3 51. c6 e2+ 52. Kf2 Nc2 0-1

[Event "ChessKid Cup Div 3 W"]
[Site "chess.com INT"]
[Date "2023.05.26"]
[Round "6.3"]
[White "Pichot, Alan"]
[Black "Harikrishna, Pentala"]
[Result "0-1"]
[WhiteTitle "GM"]
[BlackTitle "GM"]
[WhiteElo "2638"]
[BlackElo "2704"]
[WhiteFideId "110973"]
[BlackFideId "5007003"]
[EventDate "2023.05.22"]
[EventType "k.o."]

1. e4 e5 2. Nf3 Nc6 3. Bb5 Nf6 4. O-O Nxe4 5. Re1 Nd6 6. Nxe5 Be7 7. Bf1 Nxe5 8.
Rxe5 O-O 9. d4 Bf6 10. Re1 Re8 11. c3 Rxe1 12. Qxe1 Nf5 13. Bf4 d6 14. Bd3 Nh4
15. Nd2 Ng6 16. Bg3 Be6 17. Bc4 Bxc4 18. Nxc4 Qd7 19. Qd2 b5 20. Ne3 Bg5 21. Qd3
Re8 22. Rf1 Bxe3 23. fxe3 d5 24. a4 a6 25. axb5 axb5 26. Re1 Re4 27. Ra1 c6 28.
Ra8+ Re8 29. Rxe8+ Qxe8 30. Kf2 Qe6 31. Qb1 h5 32. h3 Nf8 33. Qa1 Nd7 34. Qa8+
Kh7 35. Qc8 Qf6+ 36. Kg1 Nb6 37. Qe8 Na4 38. e4 Qe6 39. Qxe6 fxe6 40. Kf2 Nxb2
41. Kf3 Kg6 42. Kf4 Nc4 43. Be1 Kf7 44. Bh4 Nd6 45. exd5 exd5 46. Ke5 Nc4+ 47.
Kf4 g6 48. Bf2 Nd6 49. Ke5 Ne4 50. Be1 Ke7 51. Kf4 Kf6 52. h4 Ke6 53. g3 Kf6 54.
g4 Ke6 55. Kf3 Nf6 56. gxh5 gxh5 57. Kf4 Ne4 58. Ke3 Kf5 59. Kf3 Nd6 60. Bd2 Nc4
61. Bc1 Nb6 62. Bd2 Nd7 63. Bg5 Nf8 64. Bd2 Ne6 65. Be3 Nd8 66. Bd2 Nb7 67. Bf4
Na5 68. Bd2 Nc4 69. Bc1 Kf6 70. Bg5+ Ke6 71. Bc1 Kf5 72. Bf4 Nb6 73. Bd2 Nd7 74.
Bg5 c5 75. dxc5 Nxc5 76. Bd8 Ne4 77. Ke3 Nxc3 78. Kd4 b4 79. Be7 Nb5+ 80. Kd3 b3
81. Bc5 b2 82. Kc2 Nc3 0-1

[Event "ChessKid Cup Div 3 W"]
[Site "chess.com INT"]
[Date "2023.05.26"]
[Round "6.4"]
[White "Harikrishna, Pentala"]
[Black "Pichot, Alan"]
[Result "1/2-1/2"]
[WhiteTitle "GM"]
[BlackTitle "GM"]
[WhiteElo "2704"]
[BlackElo "2638"]
[WhiteFideId "5007003"]
[BlackFideId "110973"]
[EventDate "2023.05.22"]
[EventType "k.o."]

1. d4 Nf6 2. c4 e6 3. Nf3 d5 4. g3 Be7 5. Bg2 O-O 6. O-O dxc4 7. Qc2 b5 8. a4
Bb7 9. axb5 a6 10. Nc3 axb5 11. Rxa8 Bxa8 12. Nxb5 Bd5 13. Nc3 Bxf3 14. Bxf3
Qxd4 15. Nb5 Qc5 16. Na3 c3 17. Qxc3 Qxc3 18. bxc3 Nd5 19. Bxd5 exd5 20. c4 Rd8
21. Rd1 dxc4 22. Rxd8+ Bxd8 23. Nxc4 f5 24. f3 Kf7 25. Kf2 Nd7 1/2-1/2

[Event "ChessKid Cup Div 3 W"]
[Site "chess.com INT"]
[Date "2023.05.26"]
[Round "6.5"]
[White "Harikrishna, Pentala"]
[Black "Pichot, Alan"]
[Result "0-1"]
[WhiteTitle "GM"]
[BlackTitle "GM"]
[WhiteElo "2704"]
[BlackElo "2638"]
[WhiteFideId "5007003"]
[BlackFideId "110973"]
[EventDate "2023.05.22"]
[EventType "k.o."]

1. Nf3 Nf6 2. c4 e6 3. e3 d5 4. b3 b6 5. Bb2 Bd6 6. d4 O-O 7. Bd3 Bb7 8. O-O
Nbd7 9. cxd5 exd5 10. Ba3 c5 11. Nc3 a6 12. Rc1 Qe7 13. Bf5 Rfd8 14. Na4 c4 15.
Bxd6 Qxd6 16. Nc3 b5 17. bxc4 dxc4 18. e4 Qf4 19. g3 Qh6 20. a3 Nc5 21. d5 Nd3
22. Rb1 g6 23. Nh4 gxf5 24. Nxf5 Qh5 25. f3 Bc8 26. Ne7+ Kf8 27. Nc6 Bh3 28. Qd2
Bxf1 29. Rxf1 Ne5 30. g4 Nfxg4 31. Nxd8 Nf6 32. Qf4 Rxd8 33. Qxf6 Qg6+ 34. Qxg6
hxg6 35. Kf2 Ke7 36. h4 Rh8 37. Kg3 Kd6 38. f4 Nd3 39. e5+ Kc5 40. d6 Kd4 41.
Ne2+ Kc5 42. Rd1 a5 43. Nc3 b4 44. axb4+ axb4 45. Ne4+ Kc6 46. Ng5 Rf8 47. Nf3
Kc5 48. h5 gxh5 49. f5 b3 50. d7 Rg8+ 51. Kh4 b2 52. e6 fxe6 53. fxe6 Kd6 54.
Nd4 c3 55. Nb5+ Kxe6 56. Nxc3 Rg4+ 57. Kxh5 Rd4 0-1